|
|
|
|
| LEADER |
00000nam1a2200000 4500 |
| 001 |
48150 |
| 005 |
20231031031328.0 |
| 035 |
|
|
|a (RuTPU)RU\TPU\book\50379
|
| 090 |
|
|
|a 48150
|
| 100 |
|
|
|a 20030306d1984 km y0rusy50 ca
|
| 101 |
0 |
|
|a rus
|
| 102 |
|
|
|a RU
|
| 200 |
1 |
|
|a Добыча, подготовка и транспорт природного газа и конденсата
|e справочное руководство
|e в 2 т.
|f под ред. Ю. П. Коротаева, Р. Д. Маргулова
|
| 210 |
|
|
|a Москва
|c Недра
|d 1984
|
| 702 |
|
1 |
|a Коротаев
|b Ю. П.
|g Юрий Павлович
|4 340
|
| 702 |
|
1 |
|a Маргулов
|b Р. Д.
|4 340
|
| 801 |
|
1 |
|a RU
|b 63413507
|c 20030306
|g PSBO
|
| 801 |
|
2 |
|a RU
|b 63413507
|c 20171107
|g PSBO
|
| 942 |
|
|
|c BK
|